00453nmm a2200169Ia 4500008004100000020001800041041000800059100002800067245002100095264004100116300001800157490001400175650001900189856005100208942000700259999001700266251105s9999||||xx |||||||||||||||||und|| a9788491127772 aspa aGarcía Callejas, Juan 0aTierra escondida a[Madrid, España] :bLantia, c2017 a115 páginas aCaligrama aSpanish poetry uhttps://public.digitaliapublishing.com/a/88249 cCF c88245d88245